[Event "6. Open Sants Hostafrancs i La Bordeta"]
[Site "Barcelona ESP"]
[Date "2004.08.31"]
[Round "5.3"]
[White "Zhang, Pengxiang"]
[Black "Fluvia Poyatos, Jordi"]
[Result "0-1"]
[WhiteElo "2519"]
[BlackElo "2346"]
[PlyCount "132"]
[EventDate "2004.08.28"]
[Source "lmi"]
[SourceDate "2004.09.11"]

1. e4 c5 2. Nf3 d6 3. d4 cxd4 4. Qxd4 a6 5. c4 Nc6 6. Qd2 g6 7. Nc3 Bg7 8. b3
Nf6 9. Bb2 O-O 10. h3 Qa5 11. Bd3 Rb8 12. a3 Qh5 13. Nd5 Nxd5 14. cxd5 Ne5 15.
Nxe5 Bxe5 16. Be2 Qh4 17. Bxe5 dxe5 18. Qc2 Bd7 19. Qc7 Qxe4 20. Qxd7 Qxg2 21.
O-O-O Qxf2 22. Qg4 Qe3+ 23. Kb2 e4 24. Rhe1 f5 25. Qg1 Qxh3 26. d6 Qh4 27. Qd4
Qf6 28. dxe7 Qxd4+ 29. Rxd4 Rfe8 30. Rd7 Kf7 31. Rh1 Ke6 32. Rhd1 Rxe7 33. Bc4+
Kf6 34. R1d6+ Ke5 35. Rd5+ Kf6 36. R5d6+ Ke5 37. Rxe7+ Kxd6 38. Re6+ Kd7 39.
Kc3 Rc8 40. Rb6 Kc7 41. Rf6 Rd8 42. a4 Rd6 43. Rf7+ Rd7 44. Rf8 Kd6 45. a5 Ke5
46. b4 h5 47. Bf7 Kf6 48. Bb3+ Kg7 49. Rg8+ Kh7 50. Rc8 h4 51. Kc2 Kh6 52. Ba4
Rh7 53. Kd2 h3 54. Ke3 Kg5 55. Rc1 h2 56. Rh1 Kg4 57. Kf2 Kh3 58. Re1 f4 59. b5
axb5 60. Bxb5 Kg4 61. Kg2 f3+ 62. Kh1 Kf4 63. a6 bxa6 64. Bxa6 e3 65. Bd3 Rd7
66. Bxg6 e2 0-1

[Event "6. Open Sants Hostafrancs i La Bordeta"]
[Site "Barcelona ESP"]
[Date "2004.08.31"]
[Round "5.4"]
[White "Konguvel, Ponnuswamy"]
[Black "Narciso Dublan, Marc"]
[Result "1-0"]
[WhiteElo "2398"]
[BlackElo "2484"]
[PlyCount "109"]
[EventDate "2004.08.28"]
[Source "lmi"]
[SourceDate "2004.09.11"]

1. e4 e5 2. Nf3 Nc6 3. Bb5 a6 4. Ba4 d6 5. c3 g6 6. d4 Bd7 7. d5 Nce7 8. Bxd7+
Qxd7 9. O-O Bg7 10. c4 h6 11. Nc3 f5 12. Ne1 Nf6 13. f3 O-O 14. Nd3 c6 15. Be3
Rf7 16. Kh1 cxd5 17. cxd5 g5 18. a4 g4 19. a5 gxf3 20. gxf3 f4 21. Bb6 Kh7 22.
Rg1 Rg8 23. Qe2 Ng6 24. Nf2 Bf8 25. Ng4 Be7 26. Bf2 Rfg7 27. Nxf6+ Bxf6 28. Rg2
Bd8 29. b4 Bh4 30. Rag1 Qh3 31. Nd1 h5 32. Bb6 Bf6 33. Bf2 Bh4 34. Bb6 Bf6 35.
Bf2 Rc8 36. Be1 Rcc7 37. Nb2 Bh4 38. Nd3 Bxe1 39. Nxe1 Rc1 40. Qf2 Kh6 41. Qb6
Qd7 42. Nd3 Rxg1+ 43. Rxg1 Qc7 44. Rc1 Qd7 45. Rg1 Kh7 46. Rg5 Qh3 47. Ne1 Kh6
48. Rg1 Qd7 49. Nd3 Kh7 50. Rg5 Qh3 51. Ne1 Kh6 52. Qd8 Qf1+ 53. Rg1 Qh3 54.
Qxd6 Kh7 55. Qf6 1-0

[Event "6. Open Sants Hostafrancs i La Bordeta"]
[Site "Barcelona ESP"]
[Date "2004.08.31"]
[Round "5.5"]
[White "Munoz Pantoja, Miguel"]
[Black "Rios Parra, Alejandro"]
[Result "1-0"]
[WhiteElo "2421"]
[BlackElo "2308"]
[PlyCount "89"]
[EventDate "2004.08.28"]
[Source "lmi"]
[SourceDate "2004.09.11"]

1. e4 e5 2. Nf3 Nc6 3. Bb5 a6 4. Ba4 d6 5. O-O Nge7 6. h3 Ng6 7. c3 Be7 8. d4
Bd7 9. dxe5 dxe5 10. Be3 O-O 11. c4 Qc8 12. Nc3 f5 13. exf5 Bxf5 14. Nd5 Bd8
15. Re1 Bxh3 16. Bc5 Bxg2 17. Bxf8 Qh3 18. Nh2 Nh4 19. Re3 Bf3 20. Qf1 Qf5 21.
Rxf3 Nxf3+ 22. Nxf3 Qxf3 23. Bc5 Nd4 24. Bxd4 exd4 25. Qg2 Qe2 26. Nf4 Qxb2 27.
Re1 Bh4 28. Nd3 Qd2 29. Qd5+ Kh8 30. Re4 Qxd3 31. Rxh4 Qg6+ 32. Kf1 Qb1+ 33.
Kg2 Qg6+ 34. Kh2 d3 35. Rh3 Rf8 36. Rf3 Rb8 37. Qxd3 Qh5+ 38. Rh3 Qe5+ 39. Kg2
Qg5+ 40. Kh1 Qc1+ 41. Bd1 h6 42. Kg2 Qf4 43. Bc2 g6 44. Qc3+ Kh7 45. Rf3 1-0

[Event "6. Open Sants Hostafrancs i La Bordeta"]
[Site "Barcelona ESP"]
[Date "2004.08.31"]
[Round "5.6"]
[White "Jerez Perez, Alfonso"]
[Black "Izoria, Zviad"]
[Result "1/2-1/2"]
[WhiteElo "2416"]
[BlackElo "2593"]
[PlyCount "44"]
[EventDate "2004.08.28"]
[Source "lmi"]
[SourceDate "2004.09.11"]

1. e4 e6 2. d4 d5 3. Nc3 Bb4 4. e5 Ne7 5. Qg4 Nf5 6. Nf3 h5 7. Qf4 Be7 8. h4
Nc6 9. Bd3 Nb4 10. Bxf5 exf5 11. Qd2 b6 12. Ne2 c5 13. c3 Nc6 14. Qd3 Be6 15.
Bg5 cxd4 16. Bxe7 Qxe7 17. Nexd4 Nxd4 18. Nxd4 g6 19. O-O-O O-O 20. f4 Rfc8 21.
Kb1 Rc4 22. Ka1 a6 1/2-1/2

[Event "6. Open Sants Hostafrancs i La Bordeta"]
[Site "Barcelona ESP"]
[Date "2004.08.31"]
[Round "5.9"]
[White "Fluvia Poyatos, Joan"]
[Black "Javakhishvili, Lela"]
[Result "1/2-1/2"]
[WhiteElo "2450"]
[BlackElo "2332"]
[PlyCount "99"]
[EventDate "2004.08.28"]
[Source "lmi"]
[SourceDate "2004.09.11"]

1. e4 c5 2. Nf3 Nc6 3. d4 cxd4 4. Nxd4 Qc7 5. Nc3 e6 6. Be3 a6 7. Qd2 Nf6 8.
O-O-O Bb4 9. f3 Ne5 10. Nb3 b5 11. Qe1 Be7 12. f4 Nc4 13. e5 Ng4 14. Bd4 f5 15.
h3 Nh6 16. Qf2 Bb7 17. Bxc4 bxc4 18. Bb6 Qc8 19. Na5 Bb4 20. Qd4 Bxc3 21. Qxc3
Bd5 22. Qb4 Rb8 23. c3 Nf7 24. Rhg1 Nd8 25. a4 Nc6 26. Nxc6 Qxc6 27. a5 h5 28.
g4 fxg4 29. hxg4 h4 30. Rd2 h3 31. Rh2 Kf7 32. Rd1 Rb7 33. f5 Bg2 34. g5 g6 35.
fxe6+ dxe6 36. Rd4 Rc8 37. Rh4 Kg7 38. Kb1 Qf3 39. Qd6 Rc6 40. Qd8 Qd3+ 41.
Qxd3 cxd3 42. Rd4 Rf7 43. Rxd3 Be4 44. Rhxh3 Rf5 45. Bd8 Kf7 46. Bf6 Rc5 47.
Rh7+ Ke8 48. Rh8+ Kf7 49. Rh7+ Ke8 50. Rh8+ 1/2-1/2

[Event "6. Open Sants Hostafrancs i La Bordeta"]
[Site "Barcelona ESP"]
[Date "2004.08.31"]
[Round "5.15"]
[White "Stefansson, Hannes"]
[Black "Aloma Vidal, Robert"]
[Result "1-0"]
[WhiteElo "2549"]
[BlackElo "2217"]
[PlyCount "77"]
[EventDate "2004.08.28"]
[Source "lmi"]
[SourceDate "2004.09.11"]

1. e4 c5 2. Nf3 d6 3. d4 cxd4 4. Nxd4 Nf6 5. Nc3 Nc6 6. Bg5 e6 7. Qd2 a6 8.
O-O-O Bd7 9. f3 b5 10. Nxc6 Bxc6 11. Kb1 h6 12. Be3 Be7 13. h4 Rc8 14. Ne2 Nd7
15. Nd4 Bb7 16. g4 Qc7 17. Bd3 Ne5 18. g5 h5 19. g6 Nxg6 20. Rdg1 Ne5 21. Rxg7
Bf6 22. Rg2 d5 23. Bg5 Qd8 24. Qf4 Bxg5 25. Rxg5 Ng6 26. Rxg6 fxg6 27. Nxe6 Qe7
28. exd5 Bxd5 29. Qe5 Qxe6 30. Qxh8+ Kd7 31. Qd4 Qd6 32. Qg7+ Kc6 33. Rg1 Rc7
34. Qxg6 Bxf3 35. Be4+ Bxe4 36. Qxe4+ Kd7 37. Rg7+ Kd8 38. Rg8+ Kd7 39. Qe8#
1-0

[Event "6. Open Sants Hostafrancs i La Bordeta"]
[Site "Barcelona ESP"]
[Date "2004.09.01"]
[Round "6.1"]
[White "Hillarp Persson, Tiger"]
[Black "Konguvel, Ponnuswamy"]
[Result "1-0"]
[WhiteElo "2529"]
[BlackElo "2398"]
[PlyCount "57"]
[EventDate "2004.08.28"]
[Source "lmi"]
[SourceDate "2004.09.11"]

1. d4 Nf6 2. c4 g6 3. f3 d5 4. cxd5 Nxd5 5. e4 Nb6 6. Nc3 Bg7 7. Be3 O-O 8. Qd2
Nc6 9. O-O-O e5 10. d5 Nd4 11. f4 c5 12. fxe5 Bg4 13. Re1 Bxe5 14. h3 Qh4 15.
Bd3 Rac8 16. Kb1 Rfe8 17. Rf1 f5 18. Bg5 Qh5 19. hxg4 Qxh1 20. Nf3 Nxf3 21.
gxf3 Qh2 22. Qxh2 Bxh2 23. exf5 c4 24. Be4 gxf5 25. Bxf5 Rc7 26. f4 Kg7 27. Rh1
Bxf4 28. Bxf4 Rce7 29. Rxh7+ 1-0

[Event "6. Open Sants Hostafrancs i La Bordeta"]
[Site "Barcelona ESP"]
[Date "2004.09.01"]
[Round "6.2"]
[White "Barrientos Chavarriaga, Sergio"]
[Black "Munoz Pantoja, Miguel"]
[Result "1-0"]
[WhiteElo "2399"]
[BlackElo "2421"]
[PlyCount "155"]
[EventDate "2004.08.28"]
[Source "lmi"]
[SourceDate "2004.09.11"]

1. e4 c5 2. Nf3 Nc6 3. d4 cxd4 4. Nxd4 Nf6 5. Nc3 e5 6. Ndb5 d6 7. Bg5 a6 8.
Na3 b5 9. Nd5 Qa5+ 10. Bd2 Qd8 11. Bg5 Qa5+ 12. Bd2 Qd8 13. c4 Nxe4 14. cxb5
Be6 15. Bc4 Ne7 16. O-O Bxd5 17. Bxd5 Nxd5 18. Ba5 Ndc3 19. Bxc3 Nxc3 20. bxc3
d5 21. Qb3 Bxa3 22. Qxa3 axb5 23. Qc5 Rc8 24. Qxb5+ Qd7 25. Qb4 f6 26. a4 Kf7
27. Rfd1 Qc6 28. a5 Rhd8 29. Rdc1 d4 30. a6 d3 31. a7 h5 32. c4 Ra8 33. c5 Kg6
34. Qb6 Rdc8 35. Qb3 e4 36. Qc4 Re8 37. Ra6 Qc7 38. Rca1 Qe5 39. h3 d2 40. Qc2
Qd4 41. Rd1 Red8 42. Ra4 Qd3 43. Qxd3 Rxd3 44. c6 Rc3 45. Rxd2 Rxc6 46. Rd7 Re6
47. Rb7 Ree8 48. Ra3 h4 49. Kh2 Red8 50. g3 Rd3 51. Ra4 hxg3+ 52. fxg3 Rd2+ 53.
Kg1 e3 54. Rg4+ Kh6 55. Rh4+ Kg6 56. Rg4+ Kh6 57. Rb8 Rd8 58. Rxa8 Rxa8 59. Ra4
f5 60. h4 g5 61. hxg5+ Kxg5 62. Kf1 Kf6 63. Ke2 Ke6 64. Kxe3 Ke5 65. Ra5+ Kd6
66. Kf4 Kc6 67. Kxf5 Kb7 68. g4 Rf8+ 69. Kg6 Ka8 70. g5 Rf1 71. Kg7 Rg1 72. g6
Rf1 73. Kh7 Rh1+ 74. Kg8 Rf1 75. Ra6 Rf2 76. Kg7 Rg2 77. Kf7 Rf2+ 78. Rf6 1-0

[Event "6. Open Sants Hostafrancs i La Bordeta"]
[Site "Barcelona ESP"]
[Date "2004.09.01"]
[Round "6.3"]
[White "Fluvia Poyatos, Jordi"]
[Black "Korneev, Oleg"]
[Result "1/2-1/2"]
[WhiteElo "2346"]
[BlackElo "2587"]
[PlyCount "154"]
[EventDate "2004.08.28"]
[Source "lmi"]
[SourceDate "2004.09.11"]

1. e4 e5 2. Nf3 Nc6 3. d4 exd4 4. Nxd4 Bc5 5. Nxc6 Qf6 6. Qd2 dxc6 7. Nc3 Qe7
8. Qg5 f6 9. Qg3 Be6 10. Be3 Bd6 11. f4 O-O-O 12. Bd3 Nh6 13. h3 Nf7 14. Qf2 a6
15. O-O Kb8 16. Rad1 Rhg8 17. a3 Ka8 18. Kh1 Rde8 19. b4 g5 20. e5 fxe5 21. f5
Bd5 22. f6 Qe6 23. Bf5 Qxf6 24. Rxd5 cxd5 25. Nxd5 Qg7 26. Be4 Nd8 27. Qe2 Rgf8
28. Rd1 Nc6 29. c3 Kb8 30. b5 axb5 31. Qxb5 Kc8 32. Rb1 Nd8 33. c4 Re6 34. c5
Be7 35. Qa5 Rc6 36. Nb4 Rcf6 37. Nd5 Rc6 38. Rd1 Kb8 39. Nb4 Rff6 40. Nxc6+
Nxc6 41. Qb5 Kc8 42. Rb1 Nd8 43. Bxb7+ Nxb7 44. Qxb7+ Kd7 45. Qd5+ Kc8 46. c6
Bd6 47. Qb5 Kd8 48. Qb8+ Ke7 49. Qc8 Rf8 50. Qd7+ Kf6 51. Rf1+ Kg6 52. Qxg7+
Kxg7 53. Rxf8 Kxf8 54. a4 Bb4 55. Bb6 e4 56. Kg1 Ke7 57. Bxc7 Bc5+ 58. Kf1 Ke6
59. Bg3 Bb6 60. Ke2 h5 61. c7 Kd7 62. Be5 g4 63. h4 Kc8 64. Kd2 Bf2 65. g3 Bb6
66. Ke2 Kb7 67. Bf4 Kc8 68. a5 Bxa5 69. Ke3 Bxc7 70. Kxe4 Ba5 71. Kf5 Kd7 72.
Kg6 Ke6 73. Kxh5 Kf5 74. Kh6 Kf6 75. Kh7 Kf7 76. Be5 Bd2 77. Bb8 Be3 1/2-1/2

[Event "6. Open Sants Hostafrancs i La Bordeta"]
[Site "Barcelona ESP"]
[Date "2004.09.01"]
[Round "6.4"]
[White "Pogorelov, Ruslan"]
[Black "Handke, Florian"]
[Result "0-1"]
[WhiteElo "2421"]
[BlackElo "2461"]
[PlyCount "125"]
[EventDate "2004.08.28"]
[Source "lmi"]
[SourceDate "2004.09.11"]

1. d4 d5 2. c4 c6 3. Nf3 Nf6 4. Nc3 dxc4 5. a4 Bf5 6. Ne5 Nbd7 7. Nxc4 Qc7 8.
g3 e5 9. dxe5 Nxe5 10. Bf4 Nfd7 11. Bg2 g5 12. Ne3 gxf4 13. Nxf5 O-O-O 14. Qc2
Ng6 15. Rc1 Kb8 16. O-O fxg3 17. hxg3 h5 18. b4 h4 19. b5 cxb5 20. Qb1 hxg3 21.
Nxg3 Nf4 22. Rfd1 Bc5 23. Nce4 Qb6 24. Nxc5 Nxc5 25. Rxd8+ Rxd8 26. axb5 Qd6
27. Qf5 Nb3 28. Qxf7 Nxg2 29. Qxb3 Nf4 30. Qe3 Rf8 31. Kf1 Qd7 32. Qe5+ Ka8 33.
Qc7 Qe6 34. Rc4 Nd5 35. Qc5 Rg8 36. Ke1 Nb6 37. Rc1 Qh3 38. Ra1 Qe6 39. Qa3 Nc8
40. Qa2 Qg4 41. b6 a6 42. Qd5 Kb8 43. Qc5 Qf4 44. Rc1 Nxb6 45. e3 Qf6 46. Rb1
Rg6 47. Ke2 Qe6 48. Rb2 Qg4+ 49. Ke1 Rc6 50. Qf8+ Ka7 51. Ne2 Qh4 52. Qf3 Qh8
53. Rb1 Rf6 54. Qe4 Qh2 55. Nf4 Qg1+ 56. Ke2 Qg4+ 57. Ke1 Rd6 58. Qc2 Qf3 59.
Qe2 Qe4 60. Qb2 Qh1+ 61. Ke2 Qe4 62. Ke1 Rc6 63. Ke2 0-1

[Event "6. Open Sants Hostafrancs i La Bordeta"]
[Site "Barcelona ESP"]
[Date "2004.09.01"]
[Round "6.5"]
[White "Seger, Ruediger"]
[Black "Almeida, Omar"]
[Result "1/2-1/2"]
[WhiteElo "2417"]
[BlackElo "2447"]
[PlyCount "91"]
[EventDate "2004.08.28"]
[Source "lmi"]
[SourceDate "2004.09.11"]

1. e4 Nf6 2. e5 Nd5 3. d4 d6 4. Nf3 Bg4 5. Be2 c6 6. O-O Bxf3 7. Bxf3 dxe5 8.
dxe5 e6 9. Nd2 Nd7 10. Re1 Be7 11. c3 Qc7 12. Nc4 O-O 13. a4 a5 14. Be4 Rfd8
15. Qg4 g6 16. Bg5 Bxg5 17. Qxg5 N5b6 18. Nd6 Nxe5 19. Nxb7 Qxb7 20. Qxe5 Rd2
21. b3 Nd7 22. Qg5 Rb2 23. Qe7 Rb8 24. Rad1 Nf8 25. Qxb7 Rxb7 26. b4 axb4 27.
cxb4 R7xb4 28. Bxc6 Rc4 29. Rc1 Rf4 30. a5 Rf5 31. Ra1 Rc5 32. a6 Rxc6 33. a7
Rc8 34. a8=Q Rxa8 35. Rxa8 g5 36. h4 gxh4 37. Re4 Kg7 38. Rxh4 Ng6 39. Rha4 h5
40. R8a7 Ne5 41. Ra2 Rb4 42. f3 Ng6 43. Kf2 h4 44. R7a4 Rb5 45. Ra5 Rb4 46.
R5a4 1/2-1/2

[Event "6. Open Sants Hostafrancs i La Bordeta"]
[Site "Barcelona ESP"]
[Date "2004.09.01"]
[Round "6.6"]
[White "Izoria, Zviad"]
[Black "Panelo Munoz, Marcelo"]
[Result "1/2-1/2"]
[WhiteElo "2593"]
[BlackElo "2410"]
[PlyCount "129"]
[EventDate "2004.08.28"]
[Source "lmi"]
[SourceDate "2004.09.11"]

1. c4 e6 2. Nf3 d5 3. d4 Nf6 4. g3 dxc4 5. Bg2 a6 6. O-O Nc6 7. e3 Rb8 8. Nfd2
e5 9. Bxc6+ bxc6 10. dxe5 Ng4 11. Nxc4 Be6 12. Qc2 Qd5 13. b3 Bb4 14. Bb2 h5
15. e4 Qd8 16. Rd1 Qe7 17. Ba3 h4 18. Bxb4 Qxb4 19. Qc3 hxg3 20. hxg3 Bxc4 21.
Qxb4 Rxb4 22. bxc4 Rh1+ 23. Kxh1 Nxf2+ 24. Kg2 Nxd1 25. Nd2 Ne3+ 26. Kf3 Nxc4
27. Nxc4 Rxc4 28. Rb1 Ra4 29. Rb8+ Ke7 30. Rc8 Rxa2 31. Rxc7+ Ke6 32. Rxc6+
Kxe5 33. Rc7 Ra1 34. Kg4 Ke6 35. Rb7 Rd1 36. Ra7 Rd6 37. Kf4 Rb6 38. g4 Rc6 39.
g5 g6 40. Ra8 Rb6 41. Re8+ Kd6 42. Ra8 Kc6 43. Ra7 Kb5 44. Rxf7 a5 45. Ke3 a4
46. Kd2 a3 47. Kc2 Kc4 48. Ra7 Rb2+ 49. Kc1 Kb3 50. Rb7+ Ka2 51. Rg7 Rb6 52.
Rc7 Rb5 53. Rc6 Kb3 54. Kb1 Rxg5 55. Rb6+ Kc4 56. e5 Kc5 57. Ra6 Rg1+ 58. Ka2
Kb5 59. Rd6 Kb4 60. e6 Rg2+ 61. Ka1 Re2 62. e7 g5 63. Rb6+ Kc5 64. Rg6 Rxe7 65.
Rxg5+ 1/2-1/2

[Event "6. Open Sants Hostafrancs i La Bordeta"]
[Site "Barcelona ESP"]
[Date "2004.09.01"]
[Round "6.12"]
[White "Alsina Leal, Daniel"]
[Black "Oratovsky, Michael"]
[Result "1/2-1/2"]
[WhiteElo "2274"]
[BlackElo "2525"]
[PlyCount "121"]
[EventDate "2004.08.28"]
[Source "lmi"]
[SourceDate "2004.09.11"]

1. e4 c5 2. Nf3 e6 3. d4 cxd4 4. Nxd4 a6 5. Bd3 g6 6. O-O Bg7 7. Be3 Nf6 8. c4
d6 9. Nc3 O-O 10. Rc1 Nbd7 11. b4 Re8 12. Nb3 d5 13. exd5 exd5 14. cxd5 Nb6 15.
d6 Bg4 16. Qd2 Qxd6 17. Bc5 Qc7 18. Rfe1 Nbd7 19. Bd4 Rxe1+ 20. Rxe1 Be6 21.
Ne4 Bxb3 22. Bxf6 Nxf6 23. axb3 Ng4 24. g3 Rd8 25. Qc2 Qe7 26. Be2 Qxb4 27. Rd1
Rxd1+ 28. Qxd1 Qxe4 29. Bxg4 Bf6 30. Bf3 Qe7 31. Qd5 Kg7 32. Kf1 b5 33. Qc6 Qa3
34. Bd5 Qa1+ 35. Kg2 Qe5 36. Bf3 Qb2 37. Bd1 Bd4 38. Qc2 Qa1 39. Bf3 Ba7 40.
Bb7 Qf6 41. Bd5 Qd4 42. Bb7 Qf6 43. Bd5 h5 44. h4 a5 45. Bf3 Qd4 46. Bc6 Bb6
47. Kh2 Qf6 48. Bxb5 Bxf2 49. Qe2 Bc5 50. Bc4 Qd4 51. Qf3 f5 52. Qd5 Qxd5 53.
Bxd5 Bd6 54. Kg2 f4 55. gxf4 Bxf4 56. Kh3 Bd6 57. Bc4 Kf6 58. Bd5 Ke5 59. Bc4
Be7 60. Bf7 Kf5 61. Be8 1/2-1/2

[Event "6. Open Sants Hostafrancs i La Bordeta"]
[Site "Barcelona ESP"]
[Date "2004.09.02"]
[Round "7.1"]
[White "Barrientos Chavarriaga, Sergio"]
[Black "Hillarp Persson, Tiger"]
[Result "0-1"]
[WhiteElo "2399"]
[BlackElo "2529"]
[PlyCount "96"]
[EventDate "2004.08.28"]
[Source "lmi"]
[SourceDate "2004.09.11"]

1. e4 c5 2. Nf3 d6 3. d4 cxd4 4. Nxd4 Nf6 5. Nc3 a6 6. Be3 e6 7. g4 b5 8. Bg2
Bb7 9. g5 Nfd7 10. Qe2 Nc6 11. f4 Nxd4 12. Bxd4 b4 13. Nd1 e5 14. Be3 Be7 15.
O-O exf4 16. Bxf4 Bxg5 17. Ne3 Bxf4 18. Rxf4 Ne5 19. Rd1 Qb6 20. Kh1 g6 21. Rf6
Rd8 22. Nc4 Nxc4 23. Qxc4 O-O 24. Qd4 Qc5 25. Rd2 Rfe8 26. h3 Qxd4 27. Rxd4 a5
28. Kg1 Kg7 29. Rf2 Re5 30. Rfd2 Rde8 31. Rxd6 Bxe4 32. Bxe4 Rxe4 33. R6d5 R8e5
34. Rxe5 Rxe5 35. Kf2 h5 36. c4 bxc3 37. bxc3 Rc5 38. Rc2 Kf6 39. c4 Ke5 40.
Ke3 g5 41. Rg2 f6 42. Kd3 Rc8 43. Re2+ Kf4 44. Rf2+ Kg3 45. Rxf6 Kxh3 46. Rf5
Kg4 47. Rxa5 h4 48. Ra7 Rh8 0-1

[Event "6. Open Sants Hostafrancs i La Bordeta"]
[Site "Barcelona ESP"]
[Date "2004.09.02"]
[Round "7.2"]
[White "Handke, Florian"]
[Black "Fluvia Poyatos, Jordi"]
[Result "1/2-1/2"]
[WhiteElo "2461"]
[BlackElo "2346"]
[PlyCount "139"]
[EventDate "2004.08.28"]
[Source "lmi"]
[SourceDate "2004.09.11"]

1. d4 Nf6 2. c4 e6 3. Nf3 Bb4+ 4. Bd2 c5 5. Bxb4 cxb4 6. g4 O-O 7. Rg1 b6 8.
Nbd2 Bb7 9. e3 Ne4 10. Bd3 Nxd2 11. Nxd2 d5 12. g5 Nd7 13. Qg4 g6 14. h4 e5 15.
cxd5 Bxd5 16. Be4 h5 17. Qg3 Bxe4 18. Nxe4 exd4 19. O-O-O Rc8+ 20. Kb1 Qc7 21.
Qxc7 Rxc7 22. Rxd4 Ne5 23. Rgd1 Rfc8 24. Nd6 Nf3 25. Nxc8 Nxd4 26. Rxd4 Rxc8
27. Rxb4 Kf8 28. Re4 Rc5 29. b3 b5 30. b4 Rc6 31. Kb2 a6 32. a3 Rc7 33. Rf4 Rc6
34. a4 Ke7 35. Kb3 Rc1 36. Rf6 Rb1+ 37. Kc3 Rc1+ 38. Kb2 Rc4 39. Kb3 Rxh4 40.
a5 Rc4 41. Rxa6 Rc8 42. Rf6 h4 43. Rf3 Rh8 44. a6 h3 45. a7 h2 46. a8=Q Rxa8
47. Rh3 Ke6 48. Rxh2 Kf5 49. Rg2 Rc8 50. Rg1 Rc7 51. Rd1 Rb7 52. Rd5+ Ke4 53.
Rc5 Kf3 54. Kc3 Kxf2 55. Kd4 Kf3 56. Re5 Rb8 57. Kc5 Rb7 58. Kc6 Rb8 59. Kc7
Rh8 60. Rxb5 Kxe3 61. Rc5 Kd4 62. Rc1 Rh5 63. Rg1 Kc4 64. Rg4+ Kb5 65. Kd6 Rh3
66. Ke5 Rf3 67. Rf4 Rg3 68. Kf6 Rg1 69. Kxf7 Rxg5 70. Kf6 1/2-1/2

[Event "6. Open Sants Hostafrancs i La Bordeta"]
[Site "Barcelona ESP"]
[Date "2004.09.02"]
[Round "7.3"]
[White "Korneev, Oleg"]
[Black "Serra Vilaro, Agustin"]
[Result "1-0"]
[WhiteElo "2587"]
[BlackElo "2032"]
[PlyCount "99"]
[EventDate "2004.08.28"]
[Source "lmi"]
[SourceDate "2004.09.11"]

1. e4 c6 2. d4 d5 3. e5 Bf5 4. Nc3 h5 5. Bd3 Bxd3 6. Qxd3 e6 7. Nf3 Nd7 8. O-O
Nh6 9. Ne2 Be7 10. c3 Nf5 11. a4 c5 12. a5 a6 13. Ng3 Nxg3 14. fxg3 cxd4 15.
cxd4 Nb8 16. h4 Nc6 17. Bg5 Qd7 18. Rf2 Rc8 19. Raf1 Rc7 20. Kh2 Nb4 21. Qb1
Nc6 22. Qd3 Nb4 23. Qd1 Nc6 24. Ng1 Bxg5 25. hxg5 Qe7 26. Nh3 g6 27. Rf6 Qb4
28. R1f4 Rf8 29. Qf1 Nxa5 30. Ng1 Nc4 31. Qf2 Nxb2 32. Qe2 a5 33. Nf3 a4 34.
Nh4 Rg8 35. Qf1 Nc4 36. Rxf7 Ne3 37. Rxc7 Nxf1+ 38. Rxf1 Qxd4 39. Rc8+ Kd7 40.
Rxg8 a3 41. Rg7+ Kc6 42. Rxg6 Qxe5 43. Nf3 Qc3 44. Rxe6+ Kd7 45. Re5 Qd3 46.
Ree1 Kd6 47. Ne5 Qc2 48. g6 a2 49. g7 Qh7 50. Rf6+ 1-0

[Event "6. Open Sants Hostafrancs i La Bordeta"]
[Site "Barcelona ESP"]
[Date "2004.09.02"]
[Round "7.4"]
[White "Fluvia Poyatos, Joan"]
[Black "Stocek, Jiri"]
[Result "0-1"]
[WhiteElo "2450"]
[BlackElo "2557"]
[PlyCount "62"]
[EventDate "2004.08.28"]
[Source "lmi"]
[SourceDate "2004.09.11"]

1. e4 c5 2. Nf3 d6 3. d4 cxd4 4. Nxd4 Nf6 5. Nc3 g6 6. Be2 Bg7 7. O-O O-O 8.
Re1 Nc6 9. Nb3 b6 10. Nd5 Bb7 11. Bf1 Nd7 12. Ne3 Rc8 13. c3 Nce5 14. f4 Nc6
15. Nc2 Nf6 16. g3 Re8 17. Bg2 e6 18. Be3 Rc7 19. Qd3 e5 20. Rad1 exf4 21. Bxf4
Rce7 22. Bg5 Ne5 23. Qf1 Neg4 24. Qf4 Re5 25. Ne3 Rxg5 26. Nc4 Nh5 27. Qxd6 Qa8
28. h4 Be5 29. Nxe5 Rgxe5 30. Bf3 Bxe4 31. Bxg4 Bh1 0-1

[Event "6. Open Sants Hostafrancs i La Bordeta"]
[Site "Barcelona ESP"]
[Date "2004.09.02"]
[Round "7.5"]
[White "Stefansson, Hannes"]
[Black "Narciso Dublan, Marc"]
[Result "1/2-1/2"]
[WhiteElo "2549"]
[BlackElo "2484"]
[PlyCount "85"]
[EventDate "2004.08.28"]
[Source "lmi"]
[SourceDate "2004.09.11"]

1. e4 d6 2. d4 Nf6 3. Nc3 g6 4. Be3 c6 5. Qd2 Nbd7 6. Nf3 e5 7. h3 Qe7 8. Bd3
Bg7 9. O-O O-O 10. Rfe1 b5 11. a4 b4 12. Ne2 c5 13. dxe5 Nxe5 14. Nxe5 Qxe5 15.
Bf4 Qe6 16. Bh6 Bb7 17. Bxg7 Kxg7 18. Ng3 Rad8 19. a5 h6 20. c3 bxc3 21. bxc3
d5 22. Qf4 dxe4 23. Bxe4 Bxe4 24. Nxe4 Rfe8 25. Nxf6 Qxf6 26. Qxf6+ Kxf6 27.
Rxe8 Rxe8 28. Rb1 Ke6 29. Kf1 Kd5 30. Rb7 Kc4 31. Rxa7 Kxc3 32. Rxf7 Re6 33.
Ra7 c4 34. a6 Rc6 35. Ra8 Kc2 36. a7 Rc7 37. Ke2 c3 38. f4 Kc1 39. Kf3 c2 40.
g4 Rd7 41. Ke2 Re7+ 42. Kf2 Rd7 43. Ke1 1/2-1/2

[Event "6. Open Sants Hostafrancs i La Bordeta"]
[Site "Barcelona ESP"]
[Date "2004.09.02"]
[Round "7.6"]
[White "Almeida, Omar"]
[Black "Li, Shilong"]
[Result "0-1"]
[WhiteElo "2447"]
[BlackElo "2526"]
[PlyCount "194"]
[EventDate "2004.08.28"]
[Source "lmi"]
[SourceDate "2004.09.11"]

1. d4 Nf6 2. Nf3 e6 3. c4 b6 4. a3 Bb7 5. Nc3 d5 6. cxd5 exd5 7. Bg5 Be7 8.
Bxf6 Bxf6 9. g3 O-O 10. Bg2 c5 11. O-O Na6 12. Rc1 Qe7 13. e3 Nc7 14. Re1 Rfd8
15. Re2 Ne6 16. h4 g6 17. Rd2 Rac8 18. Ne2 Bg7 19. Kh2 c4 20. b4 Nc7 21. Nc3
Ne8 22. Ne5 f6 23. Nf3 Nd6 24. Rb2 f5 25. b5 Ne4 26. a4 Qa3 27. Qc2 Qd6 28. Ra1
Rc7 29. a5 h6 30. axb6 axb6 31. Bh3 Rf8 32. Ra7 g5 33. hxg5 hxg5 34. Nxe4 fxe4
35. Ng1 Bc8 36. Rxc7 Qxc7 37. Qe2 Bf6 38. Kg2 Kg7 39. Bg4 Bd7 40. Nh3 Qc8 41.
Bxd7 Qxd7 42. Ra2 Rh8 43. Ng1 Kg6 44. f3 exf3+ 45. Qxf3 g4 46. Qf4 Bg5 47. Qe5
Bf6 48. Qf4 Bg5 49. Qe5 Re8 50. Ra7 Rxe5 51. Rxd7 Rxe3 52. Rxd5 c3 53. Rd6+ Kf5
54. Rxb6 Re1 55. Rc6 Be3 56. Rxc3 Ke4 57. Nh3 gxh3+ 58. Kxh3 Kf3 59. Kh2 Re2+
60. Kh3 Re1 61. Kh2 Rb1 62. Rc5 Kg4 63. Kg2 Rb2+ 64. Kf1 Bxd4 65. Rd5 Kf3 66.
Rf5+ Kxg3 67. Ke1 Be3 68. Kd1 Bf4 69. Rf8 Kf3 70. b6 Rd2+ 71. Ke1 Rb2 72. Kd1
Rd2+ 73. Ke1 Rb2 74. Kd1 Rxb6 75. Kc2 Ke4 76. Re8+ Be5 77. Kd2 Rb2+ 78. Kc1 Re2
79. Kd1 Rg2 80. Kc1 Kd4 81. Rd8+ Kc3 82. Rc8+ Kd3 83. Rd8+ Bd4 84. Kb1 Rb2+ 85.
Kc1 Rh2 86. Kb1 Rb2+ 87. Kc1 Ra2 88. Rb8 Ra1+ 89. Rb1 Ra6 90. Rb8 Rf6 91. Kb1
Rf1+ 92. Ka2 Ra1+ 93. Kb3 Rb1+ 94. Ka4 Rxb8 95. Ka3 Kc4 96. Ka2 Ra8+ 97. Kb1
Kc3 0-1

[Event "6. Open Sants Hostafrancs i La Bordeta"]
[Site "Barcelona ESP"]
[Date "2004.09.02"]
[Round "7.15"]
[White "Panelo Munoz, Marcelo"]
[Black "Alsina Leal, Daniel"]
[Result "0-1"]
[WhiteElo "2410"]
[BlackElo "2274"]
[PlyCount "94"]
[EventDate "2004.08.28"]
[Source "lmi"]
[SourceDate "2004.09.11"]

1. d4 Nf6 2. c4 e6 3. Nf3 c5 4. d5 d6 5. Nc3 exd5 6. cxd5 g6 7. Nd2 a6 8. a4
Nbd7 9. e4 Bg7 10. Nc4 Nb6 11. Ne3 O-O 12. a5 Nbd7 13. Nc4 Qe7 14. Bd3 Ne5 15.
Nb6 Rb8 16. O-O Nfd7 17. Nxc8 Rbxc8 18. Be2 c4 19. Na4 Rfe8 20. Re1 f5 21. exf5
Nd3 22. Ra3 Nxe1 23. Re3 Qf8 24. Qxe1 Rxe3 25. Bxe3 Qxf5 26. Qd1 Ne5 27. h3 Rf8
28. Nb6 Qe4 29. Qc1 Kh8 30. Bxc4 Nxc4 31. Qxc4 Qb1+ 32. Kh2 Qxb2 33. Qc7 Qc3
34. Qxb7 Qxa5 35. Nd7 Re8 36. Bh6 Qc3 37. Bxg7+ Qxg7 38. Qc6 Rd8 39. Nb6 Qe5+
40. g3 Qd4 41. Kg2 Rf8 42. f4 Qe4+ 43. Kf2 Re8 44. Qc3+ Kg8 45. Qd2 Qh1 46. Qc3
Qh2+ 47. Kf1 Qe2+ 0-1